00560 2200229 4500001002100000005001500021035002000036245007000056100001400126300002800140260003400168082000800202084001400210020002200224990001200246990001200258990001200270990001200282990001200294990001200306990001200318INLIS00000000000265720250903085233 a0010-09250000041 aMengkaji Ilmu Geografi Kelas XII ( Buku Pendamping ) /cSugiyanto0 aSugiyanto a174 hlm ;c20 x 25,5 cm aSolo :bTiga Serangkai,c2025 a900 a900 SUG m a978-623-199-578-0 a0755365 a0755366 a0755367 a0755368 a0755369 a0755370 a0755371